000 00769nam a2200229 i 4500
001 170021
003 ES-MaACL
005 20250825122337.0
008 090114s2005 sp ap |||| | spa d
080 _a655.262
080 _a655.244
100 1 _aSatué, Enric.
_9103949
245 1 3 _aEl arte escondido en las letras de imprenta /
_cEnric Satué ; [traducción al castellano, Rosa Regàs].
260 _aMadrid :
_bBiblioteca Nacional de España,
_c2005.
300 _a31 p. :
_bil. ;
_c24 cm.
650 1 4 _aDiseño tipográfico.
_9147445
650 7 _aTipos de imprenta
_2embne
_9147448
700 1 _aRegàs, Rosa,
_d1933-2024
_9242068
710 2 _aBiblioteca Nacional (España)
_92188
852 _aES-MaACL
_j2240-F-12
999 _c170021
_d170021